000 00281nam a2200133Ia 4500
082 _a150
_bS05B
100 _aBARON , ROBERT A.
245 _aSOCIAL PSYCHOLOGY
250 _a10TH
260 _bPEARSON
_aINDIA
_c2005
300 _a1-728
650 _aPSYCHOLOGY
942 _2ddc
_cBK
_09
999 _c1472
_d1472